| 000 | 06275nam a22006975i 4500 | ||
|---|---|---|---|
| 001 | 978-3-032-09648-7 | ||
| 003 | DE-He213 | ||
| 005 | 20260304124524.0 | ||
| 007 | cr nn 008mamaa | ||
| 008 | 260122s2026 sz | s |||| 0|eng d | ||
| 020 |
_a9783032096487 _9978-3-032-09648-7 |
||
| 024 | 7 |
_a10.1007/978-3-032-09648-7 _2doi |
|
| 050 | 4 | _aQH541.15.L35 | |
| 072 | 7 |
_aPSAF _2bicssc |
|
| 072 | 7 |
_aSCI020000 _2bisacsh |
|
| 072 | 7 |
_aPSAF _2thema |
|
| 082 | 0 | 4 |
_a577.5 _223 |
| 245 | 1 | 4 |
_aThe Labyrinth of Desertification _h[electronic resource] : _bSixteen Case Studies in Spain / _cedited by Jaime Martínez-Valderrama, Jorge Olcina Cantos. |
| 250 | _a1st ed. 2026. | ||
| 264 | 1 |
_aCham : _bSpringer Nature Switzerland : _bImprint: Springer, _c2026. |
|
| 300 |
_aXX, 178 p. 70 illus. in color. _bonline resource. |
||
| 336 |
_atext _btxt _2rdacontent |
||
| 337 |
_acomputer _bc _2rdamedia |
||
| 338 |
_aonline resource _bcr _2rdacarrier |
||
| 341 | 0 |
_bPDF/UA-1 _2onix |
|
| 341 | 0 |
_bTable of contents navigation _2onix |
|
| 341 | 0 |
_bSingle logical reading order _2onix |
|
| 341 | 0 |
_bShort alternative textual descriptions _2onix |
|
| 341 | 0 |
_bUse of color is not sole means of conveying information _2onix |
|
| 341 | 0 |
_bUse of high contrast between text and background color _2onix |
|
| 341 | 0 |
_bNext / Previous structural navigation _2onix |
|
| 341 | 0 |
_bAll non-decorative content supports reading without sight _2onix |
|
| 347 |
_atext file _bPDF _2rda |
||
| 505 | 0 | _aPreface -- Prologue -- Chapter 1:A Framework of Conceptual Principles for Addressing Desertification -- Chapter 2:Droughts, Aridity and Desertification: The Role of Climate Variations -- Chapter 3: Badlands, What Is Not Desertification -- Chapter 4:The Harms and Benefits of Dust -- Chapter 5:Shrub Encroachment in Drylands: Scientific Basis Regarding its Positive and Detrimental Effects -- Chapter 6: Wildfires and Desertification: The Role of Fire Regime -- Chapter 7: Plant Invasions as a Symptom and Driver of Degradation -- Chapter 8: Forest Mortality: How Tree Death Can Accelerate Desertification -- Chapter 9: Moving Livestock to Reverse Desertification Landscapes -- Chapter 10: The Dehesa: A Cultural Landscape Facing Future Challenges -- Chapter 11: Desertification Due to Agricultural Land Abandonment -- Chapter 12:Tourism and Water Stress: A Worrying Convergence in Time and Place -- Chapter 13: Inherited Desertification: Mining, Deforestation and Abandonment in the Sierra de Gádor Mountains (Almería) -- Chapter 14: Irrigation as a Source of Development and Degradation -- Chapter 15: Desertification in Olive Orchards: A Complex Challenge for a Diverse Agricultural System -- Chapter 16: Hiding Desertification with Technology: Irrigation and Water Imbalance in Southern Spain -- Chapter 17: The Global Trade of Degradation Distorts the Scope of Desertification -- Chapter 18: Conclusions. | |
| 506 | 0 | _aOpen Access | |
| 520 | _aThis open access book presents sixteen case studies from Spain to explore the complex realities of landscapes and situations commonly linked to desertification. The term desertification, burdened by its colonial origins, is often misunderstood, frequently reduced to the idea of deserts expanding or seen as a flaw in arid landscapes that must be "corrected" through greening efforts. Despite decades of conceptual refinement leading to a precise definition, the term remains widely misinterpreted in both public discourse and academic contexts. Moreover, there is still no standardized methodology for measuring it. The 2018 edition of the World Atlas of Desertification exemplifies this conceptual ambiguity: paradoxically, it does not include a single map explicitly showing desertification. This book seeks to cut through that ambiguity by using clearly defined case studies to foster a deeper understanding, an essential first step toward addressing the issue effectively. These case studies illustrate the specific criteria that must be met for a situation to be classified as desertification. Escaping this conceptual labyrinth is key to laying the foundation for coherent and effective solutions. This book is an essential reading for researchers, scholars, and policymakers in environmental science, geography, and related disciplines. It offers valuable insights for anyone interested in understanding and tackling the urgent challenge of land degradation in arid and semi-arid regions. | ||
| 532 | 8 | _aAccessibility summary: This PDF has been created in accordance with the PDF/UA-1 standard to enhance accessibility, including screen reader support, described non-text content (images, graphs), bookmarks for easy navigation, keyboard-friendly links and forms and searchable, selectable text. We recognize the importance of accessibility, and we welcome queries about accessibility for any of our products. If you have a question or an access need, please get in touch with us at accessibilitysupport@springernature.com. Please note that a more accessible version of this eBook is available as ePub. | |
| 532 | 8 | _aNo reading system accessibility options actively disabled | |
| 532 | 8 | _aPublisher contact for further accessibility information: accessibilitysupport@springernature.com | |
| 650 | 0 | _aLandscape ecology. | |
| 650 | 0 |
_aHuman ecology _xStudy and teaching. |
|
| 650 | 0 | _aForestry. | |
| 650 | 0 | _aAgriculture. | |
| 650 | 1 | 4 | _aLandscape Ecology. |
| 650 | 2 | 4 | _aEnvironmental Studies. |
| 650 | 2 | 4 | _aForestry. |
| 650 | 2 | 4 | _aAgriculture. |
| 700 | 1 |
_aMartínez-Valderrama, Jaime. _eeditor. _0(orcid)0000-0001-5859-5674 _1https://orcid.org/0000-0001-5859-5674 _4edt _4http://id.loc.gov/vocabulary/relators/edt _923836 |
|
| 700 | 1 |
_aOlcina Cantos, Jorge. _eeditor. _4edt _4http://id.loc.gov/vocabulary/relators/edt _923837 |
|
| 710 | 2 | _aSpringerLink (Online service) | |
| 773 | 0 | _tSpringer Nature eBook | |
| 776 | 0 | 8 |
_iPrinted edition: _z9783032096470 |
| 776 | 0 | 8 |
_iPrinted edition: _z9783032096494 |
| 776 | 0 | 8 |
_iPrinted edition: _z9783032096500 |
| 856 | 4 | 0 | _uhttps://doi.org/10.1007/978-3-032-09648-7 |
| 912 | _aZDB-2-SBL | ||
| 912 | _aZDB-2-SXB | ||
| 912 | _aZDB-2-SOB | ||
| 999 |
_c579890 _d579890 |
||